7) Diamonds Are Forever Quiz - Statistics

General Stats
  • This quiz has been taken 504 times
  • The average score is 6 of 10
Answer Stats
Question Answer % Correct
What animal does Bond encounter in the pipeline? a rat
88%
In what famed jewelry store was Miss Case born? Tiffany's
85%
Which Disney movie do two of the characters take their names from? Bambi (Bambi and Thumper)
69%
What explosively-named dessert do Wint and Kidd serve on the cruise ship? La Bombe Surprise
66%
What casino game does Plenty play with Bond? craps
59%
Where does Bond hide the diamonds on Peter Franks's corpse on its flight to the US? in his alimentary canal
57%
What is Klaus Hergersheimer from G Section checking in the desert laboratory? radiation shields
52%
What hotel casino does Bond climb up the outside of? the Whyte House
40%
Name one of the 7 US states explicitly mentioned in dialogue. Hint: Nevada isn't one of them! Alaska / Florida / Maine / Oregon / Texas / North Dakota / Kansas
25%
Name the organised crime syndicate in the novel which owns the Tiara Hotel The Spangled Mob
16%
No matching quizzes found
Score Distribution
Percent of People with Each Score
Percentile by Number Answered
Your Score History
You have not taken this quiz